01439nam a22002897a 4500003000800000008004100008037002000049039003900069040003500108041000800143080001100151100003100162245024500193260009000438300002100528502013600549650004500685650004700730655002300777700003100800700004200831700003000873710007900903942001300982999001700995952013701012BI-BuBU250520b2025 bd fr|||| 000 0 fre d bDon de l'auteur a20250520151849.0bThacien Mutabazi aBI-BuBUbfrecBI-BuBUdBI-BuBU0 afre a633.181 4aut.aIrakoze, Jean Claude10aEvaluation du rendement et de la tolérance au stress de déficit hydrique de neuf lignées de riz (oryza sativa L.)cJean Claude Irakoze ; Séverin Nijimbere, directeur, Prudence Bararunyeretse, directeur, Berchmans Bizimana, directeur aBujumburabUniversité du Burundi, East African Nutritional Sciences Institutec2025 aXI-49 f.c30 cm. aMémoire présenté et défendu publiquement en vue de l'obtention du diplôme de Master en Sciences des Aliments et Nutrition 72BI-BuBUaRizxStress HydriquexRendement 72BI-BuBUaRizxStress HydriquexTolérance 72BI-BuBUaMémoire1 4dir.aNijimbere, Séverin1 4dir.aBararunyeretse, Prudence9868661 4dir.aBizimana, Berchmans1 4aut.aUniversité du BurundibEast African Nutritional Sciences Institute 2udccMEM c52117d52117 00102udc4071983826aBCbBCd2025-05-20eDon de l'auteurl0oR.633.18 IRA.p5010000598709r2025-05-20t1w2025-05-20yMEMi241405